00463nam a2200133Ia 45000010005000000080041000050820025000461000063000712450123001342600024002575900007002819010026002889990015003142977241024s9999 xx 000 0 und d aRD/374.07/R426f/2012 aRepública Dominicana.Ministerio de Educación (MINERD). 0aFundamentos de modelo educativo flexible para educaciòn de personas jóvenes y adultas en la República Dominicana bSanto Domingoc2012 asi a9/7/2013 1:43:11 p.m. c8494d8494